Capitals of the Caribbean and Central America - Statistics

General Stats
  • This quiz has been taken 152 times
  • The average score is 13 of 20
Answer Stats
Hint Answer % Correct
Cuba Havana
88%
Panama Panama City
88%
Guatemala Guatemala City
84%
El salvador San Salvador
81%
Dominican Republic Santo Domingo
79%
Costa Rica San José
78%
Jamaica Kingston
77%
Saint Vincent and the Grenadines Kingstown
77%
Nicaragua Managua
68%
Haiti Port-au-Prince
66%
Honduras Tegucigalpa
66%
Belize Belmopan
63%
Bahamas Nassau
59%
Trinidad and Tobago Port of Spain
52%
Barbados Bridgetown
51%
Antigua and Barbuda Saint John's
48%
Dominica Roseau
47%
Grenada Saint George's
47%
Saint Lucia Castries
36%
Saint Kitts and Nevis Basseterre
27%
No matching quizzes found
Score Distribution
Percent of People with Each Score
Percentile by Number Answered
Your Score History
You have not taken this quiz